A relativitás elmélete és az elmélet relativitása egy új természetfilozófia igénye és lehetősége /

Elmentve itt :
Bibliográfiai részletek
Szerző: Fejér Ádám
Dokumentumtípus: Könyv része
Megjelent: 1993
Sorozat:Szegedi bölcsészfüzetek 4
Tudomány és hagyomány 4
Kulcsszavak:Természetfilozófia
Tárgyszavak:
Online Access:http://acta.bibl.u-szeged.hu/45482
LEADER 00846naa a2200229 i 4500
001 acta45482
005 20220124155317.0
008 170502s1993 hu o 0|| hun d
020 |a 963 481 988 5 
022 |a 1215-2870 
040 |a SZTE Egyetemi Kiadványok Repozitórium  |b hun 
041 |a hun 
100 1 |a Fejér Ádám 
245 1 2 |a A relativitás elmélete és az elmélet relativitása   |h [elektronikus dokumentum] :  |b egy új természetfilozófia igénye és lehetősége /  |c  Fejér Ádám 
260 |c 1993 
300 |a 24-39 
490 0 |a Szegedi bölcsészfüzetek  |v 4 
490 0 |a Tudomány és hagyomány  |v 4 
650 4 |a Bölcsészettudományok 
650 4 |a Filozófia, etika és vallástudományok 
695 |a Természetfilozófia 
856 4 0 |u http://acta.bibl.u-szeged.hu/45482/1/bolcseszfuzetek_1993_024-039.pdf  |z Dokumentum-elérés